[Event "2nd Tal Memorial IM 2019"]
[Site "Anogia"]
[Date "2019.09.11"]
[Round "1.1"]
[White "Logothetis, Sotirios"]
[Black "Goumas, Georgios"]
[Result "1/2-1/2"]
[WhiteElo "2167"]
[BlackElo "2417"]
[Annotator "TA"]
[PlyCount "144"]
[EventDate "2019.09.11"]
[EventType "tourn"]
[EventCountry "GRE"]
[SourceTitle "playchess.com"]
[Source "ChessBase"]
[SourceQuality "1"]

{[%evp 12,144,36,38,50,29,29,49,37,0,50,-10,10,0,0,-33,-28,-32,-8,-13,0,0,0,0,0,0,0,0,1,0,0,0,0,0,0,0,0,0,0,-12,-1,-38,-45,-42,-55,-62,-40,-78,-65,-85,-85,-85,-85,-85,-85,-97,-66,-67,-55,-85,-85,-85,-85,-85,-85,-103,-78,-85,-79,-79,-55,-55,-33,-55,-33,-55,-55,-55,-55,-55,-30,-30,-30,-30,-30,-30,-22,-30,-30,-30,-30,-30,-30,-30,-30,-30,-30,-30,-30,-30,-30,-30,-8,-30,-30,-30,-30,-30,0,-8,-8,-8,-8,-29,-29,-29,0,-29,0,0,0,-8,0,0,8,8,8,8,8,0,0,0,0,0,0]} 1. Nf3 e6 2. g3 b5 3. Bg2 Bb7 4. d4 c5 5. O-O Qb6 6. c3 Nf6 7. a4 a6 {A46: 1 d4 Nf6 2 Nf3 e6: Torre, London and Colle Systems} (7... cxd4 8. axb5 dxc3 9. Nxc3 Nd5 10. Nxd5 Bxd5 11. Be3 Qxb5 12. Nd4 Qb7 13. Bxd5 Qxd5 14. Qa4 Be7 15. Nb5 {1-0 (46) Wang,Y (2536)-Minasian,A (2584) ICC INT 2004}) 8. axb5 axb5 9. Rxa8 Bxa8 {White is slightly better.} 10. Bf4 $146 ({Predecessor:} 10. dxc5 Bxc5 11. b4 Be7 12. Na3 O-O 13. Qd3 Rc8 14. Bb2 Bc6 15. Nd4 {0-1 (65) Lopez Martinez,J (2437)-Fernandez Romero,E (2423) Seville 2004}) 10... Be7 11. Nbd2 (11. dxc5 $1 $14 Bxc5 12. b4) 11... O-O 12. dxc5 Bxc5 13. Ne5 Bxg2 14. Kxg2 Nd5 15. Nd3 Be7 16. Bxb8 Rxb8 17. e4 Nc7 18. Qf3 d6 19. Ra1 Na6 20. h4 Bf6 21. Qe2 h6 22. e5 Bxe5 23. Nxe5 dxe5 24. Qxe5 {[#] aiming for Rxa6!} Nc5 25. Qe3 Rd8 26. Ne4 Qc6 27. Qxc5 Qxe4+ $15 {[%mdl 4096] Endgame KQR-KQR} 28. Kg1 Rd5 $1 {[%cal Rd5c5]} 29. Qb6 Kh7 30. b3 Qc2 31. c4 bxc4 32. bxc4 Qxc4 33. Re1 Rd3 34. Qb1 g6 (34... Qb3 {is more complex.} 35. h5 Qxb1 36. Rxb1 Rd5 37. Rb7 f6) 35. Qb7 Kg7 36. Qb2+ Qd4 37. Qxd4+ Rxd4 $17 {KR-KR} 38. Ra1 Rd5 39. Ra7 g5 {And now ...gxh4 would win.} 40. hxg5 Rxg5 41. Kg2 Kg6 42. Ra6 Rb5 43. Rc6 h5 44. Ra6 Rb4 45. Ra5 h4 46. gxh4 Rxh4 47. Kg3 Rb4 48. Rc5 Kf6 49. f3 e5 50. Rc7 Rb3 51. Kg4 Kg6 52. Rc6+ f6 53. Ra6 Rb1 54. Kg3 Rb2 55. Rc6 Kg5 56. Rc8 f5 57. Rg8+ Kf6 58. Rf8+ Kg6 59. Rg8+ Kf6 {[#] White must now prevent ...f4+.} 60. Rf8+ Ke6 {Hoping for ...f4+.} 61. Re8+ Kd5 62. Rd8+ Kc4 63. Rd7 Re2 64. Rd8 f4+ 65. Kg4 {The position is equal.} Re1 66. Kf5 e4 67. Kxf4 e3 68. Ke4 Kc5 $1 69. Rd3 e2 70. Ke3 Rd1 71. Kxe2 Rxd3 72. Kxd3 {Ke4 would kill now.} Kd5 {Accuracy: White = 63%, Black = 51%.} 1/2-1/2

[Event "2nd Tal Memorial IM 2019"]
[Site "Anogia"]
[Date "2019.09.11"]
[Round "1.2"]
[White "Katopodis, Dimitrios"]
[Black "Peng, Li Min"]
[Result "1/2-1/2"]
[WhiteElo "2265"]
[BlackElo "2465"]
[Annotator "ChessBase"]
[PlyCount "56"]
[EventDate "2019.09.11"]
[EventType "tourn"]
[EventCountry "GRE"]
[SourceTitle "playchess.com"]
[Source "ChessBase"]
[SourceQuality "1"]
[TimeControl "40/5400+30:1800+30"]

1. c4 {[%emt 0:00:00]} c6 {[%emt 0:00:00]} 2. d4 {[%emt 0:00:34]} d5 {[%emt 0:00:00]} 3. Qc2 {[%emt 0:00:42]} Nf6 {[%emt 0:02:28]} 4. Bf4 {[%emt 0:02:33]} e6 {[%emt 0:03:15]} 5. Nf3 {[%emt 0:02:02]} dxc4 {[%emt 0:07:12]} 6. Qxc4 {[%emt 0:01:53]} b5 {[%emt 0:00:07]} 7. Qc2 {[%emt 0:01:04]} Bb7 {[%emt 0:00:11]} 8. Nbd2 {[%emt 0:03:56]} Nbd7 {[%emt 0:00:25]} 9. Nb3 {[%emt 0:02:48]} Rc8 {[%emt 0:00:21]} 10. Nc5 {[%emt 0:12:19]} Nxc5 {[%emt 0:07:30]} 11. dxc5 {[%emt 0:00:08]} Qa5+ {[%emt 0:00:01]} 12. Bd2 {[%emt 0:04:08]} b4 {[%emt 0:00:52]} 13. Rc1 {[%emt 0:05:42]} Nd7 {[%emt 0:00:47]} 14. Be3 {[%emt 0:18:03]} b3+ {[%emt 0:10:34]} 15. Qd2 {[%emt 0:00:16]} Qxd2+ {[%emt 0:00:05]} 16. Nxd2 {[%emt 0:01:02]} bxa2 {[%emt 0:00:04]} 17. b4 {[%emt 0:07:15]} a5 {[%emt 0:00:16]} 18. bxa5 {[%emt 0:00:28]} Bxc5 {[%emt 0:09:06]} 19. Bxc5 {[%emt 0:01:45]} Nxc5 {[%emt 0:00:03]} 20. Ra1 {[%emt 0:00:26]} Ba6 {[%emt 0:00:02]} 21. e3 {[%emt 0:03:25]} Nd3+ {[%emt 0:00:51]} 22. Bxd3 {[%emt 0:01:02]} Bxd3 {[%emt 0:00:02]} 23. f3 {[%emt 0:02:42]} c5 {[%emt 0:19:38]} 24. Kf2 {[%emt 0:04:01]} c4 {[%emt 0:02:41]} 25. Rhc1 {[%emt 0:01:10]} Ke7 {[%emt 0:07:18]} 26. Rc3 {[%emt 0:01:48]} Bb1 {[%emt 0:01:23]} 27. Nxb1 {[%emt 0:01:35]} axb1=Q {[%emt 0:00:10]} 28. Rxb1 {[%emt 0:00:07]} Rc7 {[%emt 0:00:10]} 1/2-1/2

[Event "2nd Tal Memorial IM 2019"]
[Site "Anogia"]
[Date "2019.09.11"]
[Round "1.3"]
[White "Lekic, Dusan"]
[Black "Sidiropoulos, Nikolaos"]
[Result "1-0"]
[WhiteElo "2331"]
[BlackElo "2160"]
[Annotator "NA"]
[PlyCount "93"]
[EventDate "2019.09.11"]
[EventType "tourn"]
[EventCountry "GRE"]
[SourceTitle "playchess.com"]
[Source "ChessBase"]
[SourceQuality "1"]
[TimeControl "40/5400+30:1800+30"]

1. d4 {[%emt 0:00:00]} d5 {[%emt 0:00:00]} 2. c4 {[%emt 0:00:00]} c6 {[%emt 0:00:00]} 3. Nf3 {[%emt 0:00:00]} Nf6 {[%emt 0:00:00]} 4. Nc3 {[%emt 0:00:13]} dxc4 {[%emt 0:00:01]} 5. a4 {[%emt 0:00:36]} Bf5 {[%emt 0:00:07]} 6. e3 {[%emt 0:01:15]} e6 {[%emt 0:01:46]} 7. Bxc4 {[%emt 0:00:38]} Nbd7 {[%emt 0:01:50]} 8. O-O {[%emt 0:01:19]} Qc7 {[%emt 0:09:49]} 9. Qe2 {[%emt 0:06:58]} Bg4 {[%emt 0:17:53]} 10. e4 {[%emt 0:04:47]} Be7 {[%emt 0:05:56]} 11. h3 {[%emt 0:05:22]} Bxf3 {[%emt 0:06:07]} 12. Qxf3 {[%emt 0:00:40]} O-O {[%emt 0:00:20]} 13. Bf4 {[%emt 0:10:21]} e5 {[%emt 0:04:35]} 14. Bg3 {[%emt 0:02:46]} Bd6 {[%emt 0:01:13]} 15. Rfc1 {[%emt 0:02:03]} exd4 {[%emt 0:05:17]} 16. Nb5 {[%emt 0:00:34]} cxb5 {[%emt 0:00:05]} 17. Bxf7+ {[%emt 0:00:07]} Rxf7 {[%emt 0:00:04]} 18. Rxc7 {[%emt 0:00:08]} Bxc7 {[%emt 0:00:03]} 19. Bxc7 {[%emt 0:00:09]} Nc5 {[%emt 0:05:16]} 20. Be5 {[%emt 0:05:31]} Nfxe4 {[%emt 0:02:48]} 21. Qa3 {[%emt 0:01:08]} Rd8 {[%emt 0:24:52]} 22. f3 {[%emt 0:05:00]} Rd5 {[%emt 0:06:19]} 23. fxe4 {[%emt 0:03:29]} Rxe5 {[%emt 0:00:08]} 24. Rd1 {[%emt 0:01:47]} Rd7 {[%emt 0:05:56]} 25. axb5 {[%emt 0:01:29]} b6 {[%emt 0:00:19]} 26. Qf3 {[%emt 0:06:41]} d3 {[%emt 0:01:26]} 27. b4 {[%emt 0:00:29]} Nxe4 {[%emt 0:00:15]} 28. Rxd3 {[%emt 0:00:15]} Rxd3 {[%emt 0:00:07]} 29. Qxd3 {[%emt 0:00:05]} Re7 {[%emt 0:00:20]} 30. Qd5+ {[%emt 0:02:31]} Kf8 {[%emt 0:00:06]} 31. Qf5+ {[%emt 0:00:14]} Kg8 {[%emt 0:00:06]} 32. g4 {[%emt 0:01:05]} h6 {[%emt 0:01:52]} 33. Kg2 {[%emt 0:00:26]} Nf6 {[%emt 0:00:51]} 34. h4 {[%emt 0:00:44]} Rf7 {[%emt 0:00:37]} 35. Qc8+ {[%emt 0:04:25]} Rf8 {[%emt 0:00:32]} 36. Qe6+ {[%emt 0:00:09]} Kh7 {[%emt 0:00:24]} 37. Qe7 {[%emt 0:01:11]} Rc8 {[%emt 0:00:30]} 38. g5 {[%emt 0:00:42]} hxg5 {[%emt 0:00:19]} 39. hxg5 {[%emt 0:00:05]} Rc2+ {[%emt 0:00:11]} 40. Kf3 {[%emt 0:00:00]} Rc3+ {[%emt 0:00:00]} 41. Ke2 {[%emt 0:00:40]} Nh5 {[%emt 0:01:51]} 42. Qxa7 {[%emt 0:01:24]} Nf4+ {[%emt 0:01:21]} 43. Kd2 {[%emt 0:01:43]} Rg3 {[%emt 0:01:41]} 44. Qxb6 {[%emt 0:00:32]} Rxg5 {[%emt 0:00:06]} 45. Qc6 {[%emt 0:00:37]} Nd5 {[%emt 0:00:22]} 46. b6 {[%emt 0:00:24]} Nxb4 {[%emt 0:00:14]} 47. Qe4+ {[%emt 0:00:10]} 1-0

[Event "2nd Tal Memorial IM 2019"]
[Site "Anogia"]
[Date "2019.09.11"]
[Round "1.4"]
[White "Bogdanov, Egor"]
[Black "Vanheirzeele, Daniel"]
[Result "1-0"]
[WhiteElo "2422"]
[BlackElo "2105"]
[Annotator "NA"]
[PlyCount "69"]
[EventDate "2019.09.11"]
[EventType "tourn"]
[EventCountry "GRE"]
[SourceTitle "playchess.com"]
[Source "ChessBase"]
[SourceQuality "1"]
[TimeControl "40/5400+30:1800+30"]

1. e4 {[%emt 0:00:00]} c5 {[%emt 0:00:00]} 2. c3 {[%emt 0:00:00]} d5 {[%emt 0:00:13]} 3. exd5 {[%emt 0:00:00]} Qxd5 {[%emt 0:00:04]} 4. d4 {[%emt 0:00:00]} g6 {[%emt 0:00:30]} 5. Nf3 {[%emt 0:00:00]} Bg7 {[%emt 0:00:34]} 6. Be2 {[%emt 0:00:00]} cxd4 {[%emt 0:07:01]} 7. cxd4 {[%emt 0:00:10]} Nf6 {[%emt 0:02:51]} 8. Nc3 {[%emt 0:00:05]} Qd6 {[%emt 0:00:36]} 9. O-O {[%emt 0:01:44]} O-O {[%emt 0:03:14]} 10. Ne5 {[%emt 0:01:45]} Nc6 {[%emt 0:07:53]} 11. Nb5 {[%emt 0:03:33]} Qd8 {[%emt 0:02:43]} 12. Bf3 {[%emt 0:00:24]} Bd7 {[%emt 0:03:30]} 13. Nc3 {[%emt 0:01:30]} Rc8 {[%emt 0:02:45]} 14. Bf4 {[%emt 0:01:04]} Be6 {[%emt 0:37:55]} 15. Nxc6 {[%emt 0:10:39]} bxc6 {[%emt 0:00:14]} 16. Be5 {[%emt 0:00:15]} Qa5 {[%emt 0:07:28]} 17. Qe2 {[%emt 0:02:38]} Bd5 {[%emt 0:03:28]} 18. a3 {[%emt 0:03:56]} Bxf3 {[%emt 0:06:37]} 19. Qxf3 {[%emt 0:00:24]} c5 {[%emt 0:02:19]} 20. d5 {[%emt 0:00:15]} Ne8 {[%emt 0:00:30]} 21. Bxg7 {[%emt 0:00:16]} Nxg7 {[%emt 0:00:30]} 22. d6 {[%emt 0:06:05]} exd6 {[%emt 0:01:11]} 23. Nd5 {[%emt 0:00:04]} Qd8 {[%emt 0:03:33]} 24. Rfe1 {[%emt 0:00:32]} Ne6 {[%emt 0:01:03]} 25. Qc3 {[%emt 0:00:57]} Nd4 {[%emt 0:04:10]} 26. Ne7+ {[%emt 0:00:09]} Kg7 {[%emt 0:00:34]} 27. Nxc8 {[%emt 0:01:02]} Qxc8 {[%emt 0:00:03]} 28. b4 {[%emt 0:00:19]} Kg8 {[%emt 0:00:36]} 29. bxc5 {[%emt 0:00:48]} dxc5 {[%emt 0:00:04]} 30. Rac1 {[%emt 0:03:46]} Re8 {[%emt 0:00:51]} 31. Qd3 {[%emt 0:01:43]} Rd8 {[%emt 0:00:10]} 32. Qe4 {[%emt 0:00:24]} Ne6 {[%emt 0:01:24]} 33. Red1 {[%emt 0:00:54]} Re8 {[%emt 0:00:04]} 34. h3 {[%emt 0:02:39]} Nd4 {[%emt 0:00:20]} 35. Rxc5 {[%emt 0:00:22]} 1-0

[Event "2nd Tal Memorial IM 2019"]
[Site "Anogia"]
[Date "2019.09.11"]
[Round "1.5"]
[White "Sokolovsky, Yahli"]
[Black "Grieve, Harry"]
[Result "0-1"]
[WhiteElo "2239"]
[BlackElo "2277"]
[Annotator "TA"]
[PlyCount "84"]
[EventDate "2019.09.11"]
[EventType "tourn"]
[EventCountry "GRE"]
[SourceTitle "playchess.com"]
[Source "ChessBase"]
[SourceQuality "1"]

{[%evp 18,84,25,14,46,19,13,13,15,8,11,0,24,20,18,24,17,17,12,24,59,8,9,12,10,-222,-195,-222,-207,-210,-193,-509,-502,-550,-550,-542,-542,-542,-535,-595,-586,-595,-595,-603,-600,-594,-594,-623,-556,-697,-660,-654,-646,-807,-807,-823,-823,-823,-823,-1146,-1125,-2653,-2762,-2544,-2463,-2255,-2131,-1523,-1461]} 1. e4 c5 2. Nf3 e6 3. d4 cxd4 4. Nxd4 Nc6 5. Nc3 Qc7 6. Be3 a6 7. Be2 Nf6 8. O-O Bb4 9. Nxc6 bxc6 10. f4 O-O {B49: Sicilian: Taimanov: 5 Nc3 Qc7 6 Be3 a6 7 Be2} (10... Bxc3 $5 11. bxc3 Nxe4 $11) 11. e5 (11. Na4 {seems wilder.} Rb8 12. Bf3 Be7 13. c4 d6 14. b3) 11... Nd5 (11... Bxc3 12. bxc3 Nd5 13. Bc5 Nxc3 14. Qd3 Nxe2+ 15. Qxe2 Re8 16. Rf3 Rb8 17. c4 d5 18. exd6 {1-0 (34) Sengupta,D (2551)-Perunovic,M (2627) Warsaw 2016}) 12. Nxd5 cxd5 {The position is equal.} 13. Qd4 Rb8 14. c4 dxc4 15. Rac1 d5 16. exd6 $1 Qxd6 17. Qxc4 $146 {With the idea a3.} ({Predecessor:} 17. Rxc4 Qe7 18. Rd1 {1-0 (52) Rantanen,Y (2440)-Paavilainen,J (2280) Helsinki 1984}) 17... Bb7 18. a3 Ba5 19. Rfd1 ({White should play} 19. b4 $14 Bb6 20. Bxb6 Qxb6+ 21. Qc5) 19... Bd5 $40 {[%mdl 128] Black is up to no good.} 20. Qc5 Qd8 21. Bd4 $2 {[#]} (21. b4 $1 $11 {and White stays safe.} Bb6 22. Qc3) 21... Rxb2 $1 $19 {[%mdl 512]} 22. Qxf8+ (22. Bxb2 Bb6) 22... Kxf8 23. Bxb2 Bb6+ 24. Bd4 $2 (24. Kh1) 24... Bb3 $1 {[%csl LRd1,LRd4] Black is clearly winning.} 25. Bf2 Bxd1 26. Rxd1 Bxf2+ 27. Kxf2 {[%mdl 4096] Endgame KQ-KRB} Qh4+ 28. Kg1 Qxf4 29. Bxa6 Qe3+ 30. Kf1 Qxa3 31. Be2 Ke7 32. Re1 Qc3 33. Bf3 f5 34. Be2 Kf6 35. Rb1 g6 36. Rd1 h5 37. Bf3 h4 38. Kf2 g5 39. Be2 g4 40. Rd3 Qc5+ 41. Kf1 Qc1+ 42. Kf2 Qh1 {Accuracy: White = 34%, Black = 85%.} 0-1

[Event "2nd Tal Memorial IM 2019"]
[Site "Anogia"]
[Date "2019.09.12"]
[Round "2.1"]
[White "Goumas, Georgios"]
[Black "Grieve, Harry"]
[Result "1/2-1/2"]
[WhiteElo "2417"]
[BlackElo "2277"]
[Annotator "NA"]
[PlyCount "37"]
[EventDate "2019.09.11"]
[EventType "tourn"]
[EventCountry "GRE"]
[SourceTitle "playchess.com"]
[Source "ChessBase"]
[SourceQuality "1"]
[TimeControl "40/5400+30:1800+30"]

1. e4 {[%emt 0:05:05]} c5 {[%emt 0:00:00]} 2. Nf3 {[%emt 0:00:13]} e6 {[%emt 0:00:00]} 3. d4 {[%emt 0:00:13]} cxd4 {[%emt 0:00:02]} 4. Nxd4 {[%emt 0:00:05]} Nc6 {[%emt 0:00:06]} 5. Nc3 {[%emt 0:00:05]} Qc7 {[%emt 0:00:06]} 6. Nb3 {[%emt 0:00:10]} a6 {[%emt 0:04:02]} 7. Bd3 {[%emt 0:00:14]} b5 {[%emt 0:04:36]} 8. f4 {[%emt 0:00:42]} Bb7 {[%emt 0:01:41]} 9. Be3 {[%emt 0:00:57]} d6 {[%emt 0:03:16]} 10. O-O {[%emt 0:00:20]} g6 {[%emt 0:03:31]} 11. Qf3 {[%emt 0:04:05]} Bg7 {[%emt 0:01:58]} 12. Rad1 {[%emt 0:00:25]} Rd8 {[%emt 0:05:24]} 13. Qh3 {[%emt 0:00:53]} Nf6 {[%emt 0:03:10]} 14. f5 {[%emt 0:13:28]} exf5 {[%emt 0:07:04]} 15. exf5 {[%emt 0:01:34]} Ne5 {[%emt 0:08:32]} 16. Rde1 {[%emt 0:16:04]} O-O {[%emt 0:04:38]} 17. Bg5 {[%emt 0:04:49]} Rde8 {[%emt 0:06:19]} 18. Bxf6 {[%emt 0:17:25]} Bxf6 {[%emt 0:01:39]} 19. Be4 {[%emt 0:00:10]} 1/2-1/2

[Event "2nd Tal Memorial IM 2019"]
[Site "Anogia"]
[Date "2019.09.12"]
[Round "2.2"]
[White "Vanheirzeele, Daniel"]
[Black "Sokolovsky, Yahli"]
[Result "0-1"]
[WhiteElo "2105"]
[BlackElo "2239"]
[Annotator "NA RC"]
[PlyCount "160"]
[EventDate "2019.09.11"]
[EventType "tourn"]
[EventCountry "GRE"]
[SourceTitle "playchess.com"]
[Source "ChessBase"]
[SourceQuality "1"]
[TimeControl "40/5400+30:1800+30"]

1. d4 {[%emt 0:00:00]} Nf6 {[%emt 0:00:00]} 2. Nf3 {[%emt 0:00:00]} g6 {[%emt 0:00:00]} 3. c4 {[%emt 0:00:00]} Bg7 {[%emt 0:00:00]} 4. Nc3 {[%emt 0:00:02]} O-O {[%emt 0:00:00]} 5. e4 {[%emt 0:00:18]} d6 {[%emt 0:00:00]} 6. Be2 {[%emt 0:00:11]} e5 {[%emt 0:00:08]} 7. O-O {[%emt 0:00:24]} Nc6 {[%emt 0:00:09]} 8. dxe5 {[%emt 0:00:58]} dxe5 {[%emt 0:00:09]} 9. Bg5 {[%emt 0:00:19]} Nd4 {[%emt 0:00:42]} 10. Nxd4 {[%emt 0:01:46]} exd4 {[%emt 0:00:38]} 11. Nd5 {[%emt 0:00:24]} Re8 {[%emt 0:02:46]} 12. Qxd4 {[%emt 0:19:56]} Nxd5 {[%emt 0:04:26]} 13. Qxd5 {[%emt 0:00:51]} Qxd5 {[%emt 0:00:18]} 14. cxd5 {[%emt 0:00:07]} Rxe4 {[%emt 0:00:27]} 15. Bf3 {[%emt 0:00:17]} Ra4 {[%emt 0:05:02]} 16. Rac1 {[%emt 0:15:32]} Be5 {[%emt 0:05:10]} 17. Rfe1 {[%emt 0:12:32]} f6 {[%emt 0:00:51]} 18. Rxe5 {[%emt 0:03:07]} fxe5 {[%emt 0:02:58]} 19. a3 {[%emt 0:12:53]} Bg4 {[%emt 0:20:18]} 20. Rxc7 {[%emt 0:10:04]} Rc8 {[%emt 0:20:08]} 21. Rxb7 {[%emt 0:01:48]} Rac4 {[%emt 0:01:17]} 22. h4 {[%emt 0:06:04]} Bxf3 {[%emt 0:01:41]} 23. gxf3 {[%emt 0:00:12]} R4c7 {[%emt 0:00:38]} 24. Rb3 {[%emt 0:01:35]} Rd7 {[%emt 0:02:13]} 25. Rd3 {[%emt 0:00:10]} Rc5 {[%emt 0:02:02]} 26. d6 {[%emt 0:00:13]} Kf7 {[%emt 0:03:57]} 27. b4 {[%emt 0:02:46]} Rc4 {[%emt 0:01:48]} 28. Be7 {[%emt 0:04:48]} Ke6 {[%emt 0:00:15]} 29. Kf1 {[%emt 0:01:52]} Rc2 {[%emt 0:06:49]} 30. Re3 {[%emt 0:01:01]} Kd5 {[%emt 0:02:01]} 31. Rd3+ {[%emt 0:00:14]} Kc4 {[%emt 0:02:38]} 32. Re3 {[%emt 0:00:06]} Kd5 {[%emt 0:04:36]} 33. Rd3+ {[%emt 0:00:05]} Ke6 {[%emt 0:00:58]} 34. Re3 {[%emt 0:00:54]} Kf5 {[%emt 0:01:50]} 35. Kg2 {[%emt 0:01:48]} Rb7 {[%emt 0:02:43]} 36. Rd3 {[%emt 0:00:50]} Ke6 {[%emt 0:00:31]} 37. Re3 {[%emt 0:00:17]} Rc4 {[%emt 0:00:47]} 38. Kg3 {[%emt 0:01:46]} Rb5 {[%emt 0:04:55]} 39. Rd3 {[%emt 0:01:11]} Kd7 {[%emt 0:00:18]} 40. Kg2 {[%emt 0:00:00]} Rc1 {[%emt 0:00:00]} 41. Bg5 {[%emt 0:07:16]} Rc6 {[%emt 0:05:28]} 42. Be3 {[%emt 0:09:23]} Rxd6 {[%emt 0:13:42]} 43. Rxd6+ {[%emt 0:00:07]} Kxd6 {[%emt 0:00:03]} 44. Bxa7 {[%emt 0:00:12]} Rb7 {[%emt 0:02:35]} 45. Bc5+ {[%emt 0:00:05]} Kc6 {[%emt 0:00:49]} 46. a4 {[%emt 0:00:14]} Rg7 {[%emt 0:04:16]} 47. Be3 {[%emt 0:03:06]} Kd5 {[%emt 0:00:41]} 48. a5 {[%emt 0:08:17]} Kc4 {[%emt 0:00:31]} 49. Bc5 {[%emt 0:01:24]} Kb5 {[%emt 0:00:47]} 50. Kg3 {[%emt 0:00:54]} g5 {[%emt 0:00:50]} 51. h5 {[%emt 0:00:51]} Rf7 {[%emt 0:02:47]} 52. Be3 {[%emt 0:01:32]} Kxb4 {[%emt 0:04:15]} 53. a6 {[%emt 0:00:07]} h6 {[%emt 0:00:30]} 54. a7 {[%emt 0:01:15]} Rf8 {[%emt 0:00:07]} 55. Bb6 {[%emt 0:01:05]} Ra8 {[%emt 0:01:05]} 56. Kg4 {[%emt 0:00:39]} Kb5 {[%emt 0:00:42]} 57. Be3 {[%emt 0:00:28]} Rf8 {[%emt 0:00:42]} 58. Kg3 {[%emt 0:00:12]} Kc6 {[%emt 0:00:20]} 59. Kg4 {[%emt 0:00:15]} Kd5 {[%emt 0:00:39]} 60. Bb6 {[%emt 0:00:38]} Rf4+ {[%emt 0:00:39]} 61. Kg3 {[%emt 0:00:05]} Ra4 {[%emt 0:00:10]} 62. Be3 {[%emt 0:00:34]} Ke6 {[%emt 0:00:50]} 63. Bb6 {[%emt 0:00:46]} Kd5 {[%emt 0:01:10]} 64. Be3 {[%emt 0:00:10]} Kc6 {[%emt 0:00:42]} 65. Kg2 {[%emt 0:00:12]} Kb7 {[%emt 0:00:37]} 66. Kg3 {[%emt 0:00:18]} Rc4 {[%emt 0:00:33]} 67. Kg2 {[%emt 0:00:37]} Rh4 {[%emt 0:00:16]} 68. Kg3 {[%emt 0:00:13]} Ka8 {[%emt 0:00:51]} 69. Bc5 {[%emt 0:03:02]} Rxh5 {[%emt 0:00:29]} 70. Bd6 {[%emt 0:00:12]} Kxa7 {[%emt 0:00:51]} 71. Bxe5 {[%emt 0:00:10]} Rh1 {[%emt 0:00:46]} 72. Kg4 {[%emt 0:01:12]} Kb7 {[%emt 0:00:36]} 73. f4 {[%emt 0:00:36]} gxf4 {[%emt 0:00:32]} 74. Bxf4 {[%emt 0:00:25]} Kc6 {[%emt 0:00:17]} 75. Bg3 {[%emt 0:01:28]} Kd5 {[%emt 0:00:34]} 76. Kf5 {[%emt 0:00:01]} Kc6 {[%emt 0:00:37]} 77. Kg4 {[%emt 0:00:42]} Kd7 {[%emt 0:00:10]} 78. Kf5 {[%emt 0:00:59]} Ke7 {[%emt 0:00:38]} 79. Kg4 {[%emt 0:01:09]} Kf7 {[%emt 0:00:24]} 80. f4 {[%emt 0:00:39]} Rg1 {[%emt 0:00:29]} 0-1

[Event "2nd Tal Memorial IM 2019"]
[Site "Anogia"]
[Date "2019.09.12"]
[Round "2.3"]
[White "Sidiropoulos, Nikolaos"]
[Black "Bogdanov, Egor"]
[Result "1/2-1/2"]
[WhiteElo "2160"]
[BlackElo "2422"]
[Annotator "NA"]
[PlyCount "97"]
[EventDate "2019.09.11"]
[EventType "tourn"]
[EventCountry "GRE"]
[SourceTitle "playchess.com"]
[Source "ChessBase"]
[SourceQuality "1"]
[TimeControl "40/5400+30:1800+30"]

1. d4 {[%emt 0:04:31]} Nf6 {[%emt 0:00:00]} 2. c4 {[%emt 0:00:13]} g6 {[%emt 0:00:00]} 3. Nc3 {[%emt 0:00:06]} Bg7 {[%emt 0:00:00]} 4. e4 {[%emt 0:00:06]} d6 {[%emt 0:00:02]} 5. f4 {[%emt 0:00:14]} O-O {[%emt 0:00:04]} 6. Nf3 {[%emt 0:00:05]} c5 {[%emt 0:00:05]} 7. d5 {[%emt 0:00:04]} e6 {[%emt 0:00:04]} 8. dxe6 {[%emt 0:00:26]} fxe6 {[%emt 0:01:02]} 9. Bd3 {[%emt 0:00:11]} Nc6 {[%emt 0:00:10]} 10. O-O {[%emt 0:00:14]} Nd4 {[%emt 0:01:20]} 11. Nxd4 {[%emt 0:00:29]} cxd4 {[%emt 0:00:05]} 12. Nb5 {[%emt 0:00:12]} a6 {[%emt 0:03:00]} 13. Nxd4 {[%emt 0:09:43]} Qb6 {[%emt 0:00:31]} 14. Be3 {[%emt 0:00:20]} Ng4 {[%emt 0:00:40]} 15. Qxg4 {[%emt 0:00:28]} Bxd4 {[%emt 0:00:05]} 16. Bf2 {[%emt 0:00:31]} e5 {[%emt 0:03:04]} 17. f5 {[%emt 0:00:25]} Qxb2 {[%emt 0:03:19]} 18. Rab1 {[%emt 0:04:24]} Bxf2+ {[%emt 0:02:25]} 19. Rxf2 {[%emt 0:00:09]} Qd4 {[%emt 0:00:30]} 20. Qg3 {[%emt 0:01:17]} Rf6 {[%emt 0:02:54]} 21. fxg6 {[%emt 0:03:12]} hxg6 {[%emt 0:07:28]} 22. Rbf1 {[%emt 0:03:18]} Be6 {[%emt 0:02:26]} 23. Kh1 {[%emt 0:01:21]} Rxf2 {[%emt 0:00:34]} 24. Rxf2 {[%emt 0:01:59]} Kg7 {[%emt 0:06:19]} 25. Qf3 {[%emt 0:02:33]} Kh7 {[%emt 0:08:37]} 26. h4 {[%emt 0:09:36]} Bxc4 {[%emt 0:03:01]} 27. Bxc4 {[%emt 0:01:33]} Qxc4 {[%emt 0:00:04]} 28. Qf7+ {[%emt 0:00:07]} Qxf7 {[%emt 0:00:10]} 29. Rxf7+ {[%emt 0:00:04]} Kh6 {[%emt 0:00:12]} 30. Rxb7 {[%emt 0:00:12]} Kh5 {[%emt 0:02:40]} 31. Rd7 {[%emt 0:04:06]} Kxh4 {[%emt 0:00:53]} 32. Rxd6 {[%emt 0:00:14]} g5 {[%emt 0:03:05]} 33. Kh2 {[%emt 0:20:00]} Kg4 {[%emt 0:00:19]} 34. Rf6 {[%emt 0:00:22]} Rc8 {[%emt 0:02:06]} 35. Rxa6 {[%emt 0:08:22]} Rc4 {[%emt 0:00:07]} 36. a4 {[%emt 0:01:00]} Rxe4 {[%emt 0:00:04]} 37. Ra8 {[%emt 0:01:14]} Rc4 {[%emt 0:00:28]} 38. a5 {[%emt 0:00:14]} Rc6 {[%emt 0:03:54]} 39. a6 {[%emt 0:02:09]} Rh6+ {[%emt 0:00:19]} 40. Kg1 {[%emt 0:00:00]} Kg3 {[%emt 0:00:00]} 41. Rg8 {[%emt 0:04:02]} Rxa6 {[%emt 0:00:49]} 42. Rxg5+ {[%emt 0:00:04]} Kf4 {[%emt 0:00:02]} 43. Rh5 {[%emt 0:00:09]} e4 {[%emt 0:01:23]} 44. Rh3 {[%emt 0:00:06]} e3 {[%emt 0:02:37]} 45. Kf1 {[%emt 0:00:46]} Ra1+ {[%emt 0:00:12]} 46. Ke2 {[%emt 0:00:05]} Ra2+ {[%emt 0:00:07]} 47. Ke1 {[%emt 0:00:07]} Ke4 {[%emt 0:00:39]} 48. Rh8 {[%emt 0:00:09]} Rxg2 {[%emt 0:01:01]} 49. Re8+ {[%emt 0:00:08]} 1/2-1/2

[Event "2nd Tal Memorial IM 2019"]
[Site "Anogia"]
[Date "2019.09.12"]
[Round "2.4"]
[White "Peng, Li Min"]
[Black "Lekic, Dusan"]
[Result "1/2-1/2"]
[WhiteElo "2465"]
[BlackElo "2331"]
[Annotator "ChessBase"]
[PlyCount "26"]
[EventDate "2019.09.11"]
[EventType "tourn"]
[EventCountry "GRE"]
[SourceTitle "playchess.com"]
[Source "ChessBase"]
[SourceQuality "1"]
[TimeControl "40/5400+30:1800+30"]

1. d4 {[%emt 0:00:27]} d5 {[%emt 0:00:00]} 2. c4 {[%emt 0:00:07]} c6 {[%emt 0:00:00]} 3. cxd5 {[%emt 0:00:09]} cxd5 {[%emt 0:00:00]} 4. Nc3 {[%emt 0:00:07]} Nf6 {[%emt 0:00:02]} 5. Nf3 {[%emt 0:00:07]} Nc6 {[%emt 0:00:07]} 6. Bf4 {[%emt 0:00:05]} Bf5 {[%emt 0:00:26]} 7. e3 {[%emt 0:00:05]} e6 {[%emt 0:00:05]} 8. Bd3 {[%emt 0:00:03]} Bxd3 {[%emt 0:00:12]} 9. Qxd3 {[%emt 0:00:04]} Bd6 {[%emt 0:00:08]} 10. Bxd6 {[%emt 0:00:04]} Qxd6 {[%emt 0:00:19]} 11. O-O {[%emt 0:00:30]} O-O {[%emt 0:00:05]} 12. a3 {[%emt 0:00:02]} Rfc8 {[%emt 0:00:08]} 13. Rfc1 {[%emt 0:00:13]} a6 {[%emt 0:00:41]} 1/2-1/2